Distribution-free statistical tests (Record no. 22453)
[ view plain ]
| 000 -LEADER | |
|---|---|
| fixed length control field | 00438cam a22001571 4500 |
| 020 ## - INTERNATIONAL STANDARD BOOK NUMBER | |
| ISBN | 0132162598 |
| 040 ## - CATALOGING SOURCE | |
| Transcribing agency | DLC |
| 082 00 - DEWEY DECIMAL CLASSIFICATION NUMBER | |
| Classification number | 519 JAN 1968 C283 Or. |
| 100 1# - MAIN ENTRY--AUTHOR NAME | |
| Personal name | Bradley, James V. |
| 245 10 - TITLE STATEMENT | |
| Title | Distribution-free statistical tests |
| 260 ## - PUBLICATION, DISTRIBUTION, ETC. (IMPRINT) | |
| Place of publication | Englewood Cliffs, N.J., |
| Name of publisher | Prentice-Hall |
| Year of publication | [1968] |
| 300 ## - PHYSICAL DESCRIPTION | |
| Number of Pages | xii, 388 p. |
| Dimensions | 24 cm. |
| 650 #0 - SUBJECT ADDED ENTRY--TOPICAL TERM | |
| Topical Term | Nonparametric statistics. |
| 650 #0 - SUBJECT ADDED ENTRY--TOPICAL TERM | |
| Topical Term | Statistical hypothesis testing. |
| 942 ## - ADDED ENTRY ELEMENTS (KOHA) | |
| Koha item type | ADB |
| 952 ## - LOCATION AND ITEM INFORMATION (KOHA) | |
| Withdrawn status [LOCAL, KOHA] | 0 |
| Permanent Location | Date acquired | Koha item type | Lost status | Shelving location | Barcode | Current Location | Full call number |
|---|---|---|---|---|---|---|---|
| Library Block C | 2023-12-29 | ADB | C283 | a18238 | Library Block C | 519 JAN 1968 C283 Or. |